000
00316nam a2200121Ia 4500
008
240126s9999 xx 000 0 und d
041
_a
English
245
0
_a
ICFAI Journal of Monetary Economics (2005 -
260
_b
ICFAI
_a
Hyderabad
440
_a
NULL
650
_a
ICFAI,Monetary,Economics,(2005,-
942
_c
JN
999
_c
263150
_d
263150